000 00440nam a2200181Ia 4500
001 20948
003 GE_BSU
008 181216s||||||||xx |||||||||||||| ||und||
040 _cGE_BSU
245 _aLe Point №2336. 15 jiun 2017.
260 _aParis
260 _c2017
300 _a98 p. 26cm. ill.
653 _aLe Point №2336. 15 jiun 2017.
653 _aПериодика
653 _aპერიოდიკა
942 _cCR
999 _c53897
_d53897